000 00673nam a22001935i 4500
001 171643
003 ES-MaACL
005 20250902054934.0
008 090525s1971 sp |||| | spa d
080 _a338.93
100 1 _aSoldevilla García, Emilio.
_9107116
245 1 0 _aEconomía aplicada a la empresa y técnicas operativas de gestión /
_cpor Emilio Soldevilla García ; prólogo de Jaime Gil Aluja.
260 _aBarcelona :
_bEdit. Hispano Europea,
_c[1971]
300 _aXVII, 374 p. ;
_c21 cm.
650 1 7 _aEconomía de la empresa
_2embne
_912022
700 1 _aGil Aluja, Jaime.
_956762
852 _aES-MaACL
_jC-41501
_9R.80306
999 _c171643
_d171643